000 00358 a2200145 4500
005 20250629135422.0
020 _a0-13-736679-5
082 _a659.1 TUC
100 _aTUCKWELL, K. J.
245 _aCanadian Advertising in Action
250 _a4th Ed
260 _aNew York,
_bPrentice Hall,
_c1998
300 _axi,6oop.; ill.; figure
_c23cm
942 _2ddc
_cBKS
999 _c6293
_d6293